[Event "SWE-chT 2122 Elite"]
[Site "Sweden"]
[Date "2022.04.09"]
[Round "6"]
[White "Bergstrom, Peter"]
[Black "Cramling, Dan"]
[Result "1-0"]
[WhiteElo "2297"]
[BlackElo "2290"]
[PlyCount "55"]
[EventDate "2021.12.03"]
[EventType "team-tourn"]
[EventRounds "9"]
[EventCountry "SWE"]
[SourceTitle "EXT 2024"]
[Source "ChessBase"]
[SourceDate "2023.10.10"]
[SourceVersion "1"]
[SourceVersionDate "2023.10.10"]
[SourceQuality "1"]
[WhiteTeam "Vasteras"]
[BlackTeam "Wasa"]
[WhiteTeamCountry "SWE"]
[BlackTeamCountry "SWE"]

1. e4 Nf6 2. Nc3 d5 3. e5 Nfd7 4. d4 c5 5. f4 cxd4 6. Nb5 Nc6 7. Nf3 Nc5 8. Nbxd4 Bg4 9. Be3 e6 10. c3 a6 11. Be2 Ne4 12. Qb3 Bc5 13. 0-0 0-0 14. Rad1 b5 15. h3 Ng3 16. hxg4 Nxe2+ 17. Kf2 Nexd4 18. cxd4 Bb6 19. Rh1 Qd7 20. Ng5 h6 21. Qd3 f5 22. exf6 hxg5 23. Qh7+ Kf7 24. Qxg7+ Ke8 25. Rh8 Qd6 26. Rdh1 Ra7 27. Rxf8+ Qxf8 28. Rh8 1-0

[Event "SWE-chT 2122 Elite"]
[Site "Sweden"]
[Date "2022.03.20"]
[Round "5.4"]
[White "Bergstrom, Peter"]
[Black "Nord, Alexander"]
[Result "1-0"]
[WhiteElo "2297"]
[BlackElo "2125"]
[PlyCount "135"]
[EventDate "2021.12.03"]
[EventType "team-tourn"]
[EventRounds "9"]
[EventCountry "SWE"]
[SourceTitle "EXT 2023"]
[Source "ChessBase"]
[SourceDate "2022.10.05"]
[SourceVersion "1"]
[SourceVersionDate "2022.10.05"]
[SourceQuality "1"]
[WhiteTeam "Vasteras"]
[BlackTeam "Lunds"]
[WhiteTeamCountry "SWE"]
[BlackTeamCountry "SWE"]

1. e4 c5 2. Nf3 d6 3. Bb5+ Nd7 4. d4 cxd4 5. Qxd4 a6 6. Bxd7+ Bxd7 7. Nc3 e5 8. Qd3 Rc8 9. 0-0 h6 10. Rd1 Nf6 11. Nd2 Bg4 12. f3 Be6 13. Nf1 Qc7 14. Ne3 Be7 15. Kh1 0-0 16. Bd2 b5 17. a3 Qb7 18. Rac1 Rfd8 19. Be1 Nh5 20. Ned5 Nf4 21. Nxf4 Bc4 22. Qd2 exf4 23. Nd5 Bxd5 24. Qxd5 Qxd5 25. Rxd5 Bf6 26. c3 Kf8 27. Rcd1 Ke7 28. g3 Be5 29. Kg2 Rc5 30. R5d3 Rdc8 31. Bd2 fxg3 32. hxg3 R5c6 33. f4 Bf6 34. Kf3 Ke8 35. Rd5 Be7 36. Be3 Rb8 37. Bd4 f6 38. Be3 Kf7 39. g4 Ke6 40. Rg1 Rc4 41. Rh1 Rb7 42. Rhd1 Rc6 43. Bf2 Rb8 44. Bg3 Rbb6 45. Bh2 Kf7 46. Bg1 Rb7 47. Bf2 Ke6 48. Bh4 Rb8 49. Bg3 Rbb6 50. Bf2 Rb8 51. Bd4 Rb7 52. Ra1 Rb8 53. b4 Bd8 54. a4 bxa4 55. Rxa4 Rbc8 56. Ra3 Ke7 57. Ke2 Ke6 58. Kd3 Ke7 59. Ra1 Ke6 60. Rh5 Bc7 61. Ra2 Bb8 62. Rha5 Bc7 63. Rxa6 Rxa6 64. Rxa6 Kd7 65. Ra7 Rb8 66. Kc4 Kc6 67. b5+ Rxb5 68. Rxc7+ 1-0

[Event "SWE-chT 2122 Elite"]
[Site "Sweden"]
[Date "2022.03.19"]
[Round "4.2"]
[White "Glimbrant, Torbjorn"]
[Black "Bergstrom, Peter"]
[Result "0-1"]
[WhiteElo "2239"]
[BlackElo "2297"]
[PlyCount "74"]
[EventDate "2021.12.03"]
[EventType "team-tourn"]
[EventRounds "9"]
[EventCountry "SWE"]
[SourceTitle "EXT 2023"]
[Source "ChessBase"]
[SourceDate "2022.10.05"]
[SourceVersion "1"]
[SourceVersionDate "2022.10.05"]
[SourceQuality "1"]
[WhiteTeam "Kungstornet"]
[BlackTeam "Vasteras"]
[WhiteTeamCountry "SWE"]
[BlackTeamCountry "SWE"]

1. d4 d5 2. c4 c6 3. Nf3 Nf6 4. e3 Bf5 5. Bd3 Bxd3 6. Qxd3 e6 7. 0-0 Nbd7 8. Nc3 Bb4 9. Bd2 a5 10. a3 Be7 11. e4 Nc5 12. dxc5 dxe4 13. Qxd8+ Rxd8 14. Nxe4 Nxe4 15. Bxa5 Ra8 16. Bb4 Bxc5 17. Bxc5 Nxc5 18. b4 Na4 19. Rfd1 Ke7 20. Kf1 f6 21. Nd4 Rhd8 22. Nc2 e5 23. Ne3 Ke6 24. Rxd8 Rxd8 25. Rd1 Rxd1+ 26. Nxd1 e4 27. Ke2 Ke5 28. Kd2 c5 29. Ne3 f5 30. g3 g5 31. Kc2 f4 32. Nd5 b5 33. gxf4+ gxf4 34. Nc3 Nxc3 35. Kxc3 e3 36. fxe3 f3 37. Kd2 bxc4 0-1

[Event "SWE-chT 1920 Elite"]
[Site "Sweden"]
[Date "2020.02.01"]
[Round "5"]
[White "Seo, Jung Min"]
[Black "Bergstrom, Peter"]
[Result "1-0"]
[WhiteElo "2433"]
[BlackElo "2306"]
[PlyCount "87"]
[EventDate "2019.10.18"]
[EventType "team-tourn"]
[EventRounds "9"]
[EventCountry "SWE"]
[SourceTitle "EXT 2023"]
[Source "ChessBase"]
[SourceDate "2022.10.05"]
[SourceVersion "1"]
[SourceVersionDate "2022.10.05"]
[SourceQuality "1"]
[WhiteTeam "Stockholm CC"]
[BlackTeam "Vasteras"]
[WhiteTeamCountry "SWE"]
[BlackTeamCountry "SWE"]

1. c4 c6 2. d4 d5 3. Nf3 Nf6 4. e3 a6 5. Nc3 b5 6. b3 Bg4 7. h3 Bh5 8. g4 Bg6 9. Ne5 e6 10. Bd2 Bd6 11. h4 dxc4 12. Nxg6 hxg6 13. bxc4 b4 14. Na4 Ne4 15. g5 Qa5 16. c5 Nxd2 17. Kxd2 Be7 18. f4 Nd7 19. Qb3 Rd8 20. Ke1 Bxc5 21. dxc5 Nxc5 22. Nxc5 Qxc5 23. Bg2 0-0 24. Ke2 Qb5+ 25. Kf3 Rd3 26. Bf1 Rxb3 27. Bxb5 Rc3 28. Ba4 Rd8 29. Rhd1 Rxd1 30. Rxd1 c5 31. Rd8+ Kh7 32. Be8 Kg8 33. Bb5+ Kh7 34. Bxa6 Rc2 35. Rc8 Rxa2 36. Bd3 Ra3 37. Ke2 Ra2+ 38. Kd1 Ra3 39. Ke2 Ra2+ 40. Kf3 Ra3 41. Be4 Ra5 42. h5 b3 43. hxg6+ fxg6 44. Rc6 1-0

[Event "SWE-chT 1920 Elite"]
[Site "Sweden"]
[Date "2019.10.19"]
[Round "2.2"]
[White "Andersson, Bjorn2222"]
[Black "Bergstrom, Peter"]
[Result "0-1"]
[WhiteElo "2162"]
[BlackElo "2306"]
[PlyCount "104"]
[EventDate "2019.10.18"]
[EventType "team-tourn"]
[EventRounds "9"]
[EventCountry "SWE"]
[SourceTitle "CBM 192 Extra"]
[Source "Chessbase"]
[SourceDate "2019.11.06"]
[SourceVersion "1"]
[SourceVersionDate "2019.11.06"]
[SourceQuality "1"]
[WhiteTeam "Burgsvik Alva"]
[BlackTeam "Vasteras"]
[WhiteTeamCountry "SWE"]
[BlackTeamCountry "SWE"]

1. c4 c6 2. g3 d5 3. cxd5 cxd5 4. Bg2 Nf6 5. d3 Nc6 6. Nc3 e6 7. Bd2 Be7 8. Nf3 0-0 9. 0-0 b6 10. Rc1 Bb7 11. d4 Ne4 12. Be3 f5 13. Qa4 a6 14. Bf4 Rc8 15. Ne5 Nxe5 16. Bxe5 Nd2 17. Rfd1 Nc4 18. Qb3 Nxe5 19. dxe5 b5 20. e3 Rc4 21. Ne2 Qb8 22. f4 Rfc8 23. Qd3 Rxc1 24. Rxc1 Rxc1+ 25. Nxc1 Qc7 26. Qd2 a5 27. Nb3 b4 28. Nd4 Kf7 29. h3 Bc5 30. Nf3 h6 31. g4 fxg4 32. hxg4 Bb6 33. Bf1 Qc8 34. Kf2 Ba6 35. Bh3 Qc4 36. f5 Qd3 37. Qxd3 Bxd3 38. Nd4 Bb1 39. Nxe6 Bxa2 40. Bg2 a4 41. Nf4 a3 42. bxa3 bxa3 43. Nxd5 Ba5 44. e6+ Ke8 45. Nf4 Bxe6 46. fxe6 a2 47. Bc6+ Ke7 48. Bd5 a1Q 49. Kf3 Kd6 50. Bc4 Bd8 51. Nd3 Bg5 52. Nf2 Ke7 0-1

[Event "SWE-chT 1819 Elite"]
[Site "Sweden"]
[Date "2019.03.31"]
[Round "9.3"]
[White "Bergstrom, Peter"]
[Black "Lindgren, Mats"]
[Result "1-0"]
[WhiteElo "2297"]
[BlackElo "2153"]
[PlyCount "87"]
[EventDate "2018.11.09"]
[EventType "team-tourn"]
[EventRounds "9"]
[EventCountry "SWE"]
[SourceTitle "CBM 189 Extra"]
[Source "ChessBase"]
[SourceDate "2019.06.03"]
[SourceVersion "1"]
[SourceVersionDate "2019.06.03"]
[SourceQuality "1"]
[WhiteTeam "Vasteras"]
[BlackTeam "Umea Rockaden"]
[WhiteTeamCountry "SWE"]
[BlackTeamCountry "SWE"]

1. e4 e6 2. d4 d5 3. Nc3 Bb4 4. Nge2 dxe4 5. a3 Bxc3+ 6. Nxc3 Bd7 7. Qg4 Nf6 8. Qxg7 Rg8 9. Qh6 Bc6 10. Be3 Nbd7 11. 0-0-0 a6 12. h3 Rg6 13. Qh4 Nd5 14. Qxd8+ Rxd8 15. Nxd5 exd5 16. b3 Bb5 17. c4 Bc6 18. g4 b5 19. c5 Nf8 20. Be2 Bd7 21. Rdg1 Ne6 22. h4 Ke7 23. g5 Ng7 24. h5 Rc6 25. Bf4 Nf5 26. Be5 Rg8 27. f3 exf3 28. Bxf3 Be6 29. Kd2 Kd7 30. Be2 Kc8 31. b4 Ne7 32. a4 bxa4 33. b5 axb5 34. Bxb5 Kb7 35. Bf6 Nc8 36. Bxc6+ Kxc6 37. Ra1 h6 38. Rhg1 hxg5 39. Rxg5 Rxg5 40. Bxg5 Na7 41. Rxa4 Nb5 42. Bf6 Bf5 43. Ra5 Be4 44. h6 1-0

[Event "SWE-chT 1819 Elite"]
[Site "Sweden"]
[Date "2019.03.30"]
[Round "8.4"]
[White "Brynell, Stellan"]
[Black "Bergstrom, Peter"]
[Result "1-0"]
[WhiteElo "2398"]
[BlackElo "2297"]
[PlyCount "79"]
[EventDate "2018.11.09"]
[EventType "team-tourn"]
[EventRounds "9"]
[EventCountry "SWE"]
[SourceTitle "CBM 189 Extra"]
[Source "ChessBase"]
[SourceDate "2019.06.03"]
[SourceVersion "1"]
[SourceVersionDate "2019.06.03"]
[SourceQuality "1"]
[WhiteTeam "Limhamn"]
[BlackTeam "Vasteras"]
[WhiteTeamCountry "SWE"]
[BlackTeamCountry "SWE"]

1. e4 c6 2. c4 d5 3. exd5 cxd5 4. cxd5 Nf6 5. Nc3 g6 6. d4 Bg7 7. Bb5+ Nbd7 8. d6 e6 9. Nf3 0-0 10. 0-0 a6 11. Be2 b5 12. Ne5 Bb7 13. Bf3 Bxf3 14. Qxf3 Nb6 15. Bg5 h6 16. Nc6 hxg5 17. Nxd8 Rfxd8 18. Rac1 Nc4 19. Qe2 Nxd6 20. Rfd1 Nf5 21. Ne4 Nxd4 22. Nxf6+ Bxf6 23. Qe4 Ra7 24. g3 Rad7 25. Kg2 Kg7 26. h3 Kg8 27. b3 Kg7 28. Rd3 Ra7 29. Rdc3 Rdd7 30. Rd3 Rd8 31. Rdc3 Rdd7 32. Rc8 a5 33. Ra8 a4 34. bxa4 bxa4 35. Rxa7 Rxa7 36. Rc4 Nb5 37. Qe3 Ra8 38. Rb4 Nc3 39. Rb7 Ra6 40. Qd3 1-0

[Event "SWE-chT 1819 Elite"]
[Site "Sweden"]
[Date "2019.03.29"]
[Round "7.1"]
[White "Vernersson, Per"]
[Black "Bergstrom, Peter"]
[Result "0-1"]
[WhiteElo "2296"]
[BlackElo "2297"]
[PlyCount "88"]
[EventDate "2018.11.09"]
[EventType "team-tourn"]
[EventRounds "9"]
[EventCountry "SWE"]
[SourceTitle "CBM 189 Extra"]
[Source "ChessBase"]
[SourceDate "2019.06.03"]
[SourceVersion "1"]
[SourceVersionDate "2019.06.03"]
[SourceQuality "1"]
[WhiteTeam "Eksjo"]
[BlackTeam "Vasteras"]
[WhiteTeamCountry "SWE"]
[BlackTeamCountry "SWE"]

1. d4 d5 2. c4 c6 3. Nf3 Nf6 4. Nc3 dxc4 5. a4 Bf5 6. Ne5 Nbd7 7. Nxc4 Nb6 8. Ne5 a5 9. f3 Nfd7 10. Nxd7 Nxd7 11. e4 Bg6 12. Be3 Qb6 13. Qd2 e5 14. Rd1 0-0-0 15. d5 Bc5 16. Bxc5 Nxc5 17. g3 f5 18. Bh3 Kb8 19. exf5 Bf7 20. Qe3 Bxd5 21. Rd2 Bc4 22. Bf1 Rxd2 23. Qxd2 Rd8 24. Qf2 Qb4 25. Qe3 Bxf1 26. Qxe5+ Ka8 27. Kxf1 Nxa4 28. Nxa4 Qxa4 29. Kg2 Qc2+ 30. Kh3 Rd5 31. Qxg7 Qxf5+ 32. Qg4 Qc2 33. b4 a4 34. Qe4 Qxe4 35. fxe4 Rb5 36. Re1 Kb8 37. e5 Kc8 38. e6 Kd8 39. Re4 Ke7 40. g4 Rb6 41. Kh4 a3 42. Re3 a2 43. Re1 Rxb4 44. Ra1 Ra4 0-1

[Event "SWE-chT 1819 Elite"]
[Site "Sweden"]
[Date "2018.11.11"]
[Round "3.3"]
[White "Bjorkeroth, Johan"]
[Black "Bergstrom, Peter"]
[Result "0-1"]
[WhiteElo "2104"]
[BlackElo "2297"]
[PlyCount "96"]
[EventDate "2018.11.09"]
[EventType "team-tourn"]
[EventRounds "9"]
[EventCountry "SWE"]
[SourceTitle "CBM 187 Extra"]
[Source "ChessBase"]
[SourceDate "2018.11.04"]
[SourceVersion "1"]
[SourceVersionDate "2018.11.04"]
[SourceQuality "1"]
[WhiteTeam "Norrkoping Schack 08"]
[BlackTeam "Vasteras"]
[WhiteTeamCountry "SWE"]
[BlackTeamCountry "SWE"]

1. e4 c6 2. d4 d5 3. e5 Bf5 4. Nc3 e6 5. g4 Bg6 6. Nge2 c5 7. h4 h5 8. Nf4 Bh7 9. Nxh5 Nc6 10. dxc5 Bxc5 11. Bb5 Kf8 12. Bxc6 bxc6 13. Na4 Be7 14. c3 Rb8 15. Be3 Qc7 16. Nc5 Rxb2 17. Qf3 Qc8 18. Nf4 Ke8 19. Nh5 Bf8 20. 0-0 Rb5 21. c4 dxc4 22. Rfd1 Bg6 23. Ne4 Bxe4 24. Qxe4 g6 25. Bg5 Be7 26. Bxe7 Nxe7 27. Nf6+ Kf8 28. h5 gxh5 29. Nxh5 Nd5 30. Rac1 c3 31. a3 Qc7 32. Qd4 Qb6 33. Qd3 Rb2 34. Rc2 Rxc2 35. Qxc2 Rg8 36. Qe4 Qb3 37. Qd4 c2 38. Qc5+ Ke8 39. Nf6+ Nxf6 40. Qxc6+ Kf8 41. Qc5+ Kg7 42. exf6+ Kxf6 43. Rd7 Rxg4+ 44. Kh2 Qf3 45. Rxf7+ Kxf7 46. Qh5+ Kg7 47. Qe5+ Qf6 48. Qc7+ Qf7 0-1

[Event "SWE-chT 1819 Elite"]
[Site "Sweden"]
[Date "2018.11.09"]
[Round "1.5"]
[White "Bergstrom, Peter"]
[Black "Bellon Lopez, Juan Manuel"]
[Result "0-1"]
[WhiteElo "2297"]
[BlackElo "2337"]
[PlyCount "54"]
[EventDate "2018.11.09"]
[EventType "team-tourn"]
[EventRounds "9"]
[EventCountry "SWE"]
[SourceTitle "CBM 189 Extra"]
[Source "ChessBase"]
[SourceDate "2019.06.03"]
[SourceVersion "1"]
[SourceVersionDate "2019.06.03"]
[SourceQuality "1"]
[WhiteTeam "Vasteras"]
[BlackTeam "Wasa"]
[WhiteTeamCountry "SWE"]
[BlackTeamCountry "SWE"]

1. e4 c5 2. Nf3 e6 3. d4 cxd4 4. Nxd4 Nf6 5. Nc3 Nc6 6. Ndb5 Bc5 7. Nd6+ Ke7 8. Nxc8+ Rxc8 9. Bd3 Qc7 10. Bg5 a6 11. 0-0 h6 12. Bh4 Ne5 13. Kh1 g5 14. Bg3 h5 15. f4 gxf4 16. Rxf4 h4 17. Bxh4 Rxh4 18. Rxh4 Rg8 19. Qd2 Nfg4 20. Rf1 Ne3 21. Rf2 N3g4 22. Re2 Rg6 23. Nd1 Nxh2 24. Nf2 Nf1 25. Qf4 Ng3+ 26. Kg1 Nxe2+ 27. Bxe2 Rf6 0-1

[Event "SWE Cup"]
[Site "Sweden"]
[Date "2017.01.14"]
[Round "4.4"]
[White "Svensson, Mans"]
[Black "Bergstrom, Peter"]
[Result "1-0"]
[WhiteElo "2165"]
[BlackElo "2272"]
[PlyCount "103"]
[EventDate "2017.01.14"]
[EventType "team-tourn"]
[EventRounds "9"]
[EventCountry "SWE"]
[SourceTitle "EXT 2018"]
[Source "ChessBase"]
[SourceDate "2017.10.13"]
[SourceVersion "1"]
[SourceVersionDate "2017.10.13"]
[SourceQuality "1"]
[WhiteTeam "Upsala"]
[BlackTeam "Vasteras"]
[WhiteTeamCountry "SWE"]
[BlackTeamCountry "SWE"]

1. d4 d5 2. c4 c6 3. Nf3 Nf6 4. Qc2 dxc4 5. e4 Bg4 6. Nbd2 b5 7. b3 e6 8. Bb2 Bxf3 9. gxf3 cxb3 10. axb3 Be7 11. Bd3 g6 12. Rg1 0-0 13. Qc3 a5 14. d5 b4 15. Qd4 cxd5 16. e5 Nc6 17. Qf4 Nh5 18. Qh6 Ng7 19. Rg3 f5 20. f4 Rf7 21. Nf3 Ne8 22. Ke2 a4 23. bxa4 b3 24. Bb5 Rc8 25. Rag1 Bf8 26. Qh3 Ne7 27. Nd4 Qb6 28. Rxb3 Ng7 29. Qd3 Nh5 30. Kf3 Qc7 31. Nxe6 Qa5 32. Nxf8 Kxf8 33. Rc1 Rxc1 34. Bxc1 g5 35. Bd2 Qa8 36. Qd4 Nxf4 37. Bxf4 gxf4 38. Rc3 Ng6 39. Bc6 Qa6 40. Bb5 Qe6 41. Kg2 Nxe5 42. Qxf4 Rg7+ 43. Rg3 Rxg3+ 44. hxg3 Ng6 45. Qf3 Kg7 46. a5 f4 47. a6 fxg3 48. fxg3 d4 49. Qb7+ Kh6 50. a7 Qg4 51. Qc6 Kg7 52. Qd7+ 1-0

[Event "Vasteras op"]
[Site "Vasteras"]
[Date "2015.09.25"]
[Round "3"]
[White "Bergstrom, Peter"]
[Black "Meier, Georg"]
[Result "0-1"]
[WhiteElo "2295"]
[BlackElo "2656"]
[PlyCount "87"]
[EventDate "2015.09.25"]
[EventType "swiss"]
[EventRounds "8"]
[EventCountry "SWE"]
[SourceTitle "EXT 2016"]
[Source "ChessBase"]
[SourceDate "2015.10.08"]
[SourceVersion "1"]
[SourceVersionDate "2015.10.08"]
[SourceQuality "1"]

1. e4 e6 2. d4 d5 3. Nc3 dxe4 4. Nxe4 Nd7 5. Nf3 Ngf6 6. Bd3 c5 7. Nxf6+ Nxf6 8. 0-0 cxd4 9. Nxd4 Bc5 10. Nb3 Bd6 11. Be3 0-0 12. Qe2 Qc7 13. h3 Nd5 14. Bd2 Nf4 15. Bxf4 Bxf4 16. Rad1 g6 17. c3 a6 18. Be4 Rb8 19. Qf3 Bh2+ 20. Kh1 Be5 21. Rd2 Bf4 22. Rdd1 Bh6 23. Rd4 Bg7 24. Rd2 Bd7 25. Rfd1 Ba4 26. Bc2 Rfc8 27. Nd4 Be8 28. Bb3 Kh8 29. Ne2 b5 30. Ng3 Bc6 31. Qe3 Rd8 32. Bc2 Rxd2 33. Qxd2 Be5 34. Be4 Be8 35. Ne2 a5 36. a3 Kg7 37. Nd4 Qb6 38. Nf3 Bf6 39. Kg1 b4 40. axb4 axb4 41. Nd4 bxc3 42. bxc3 Qc5 43. Qe3 Rc8 44. Rc1 0-1

[Event "SWE-chT 1415 Elite"]
[Site "Sweden"]
[Date "2015.03.21"]
[Round "8.4"]
[White "Westerberg, Jonathan"]
[Black "Bergstrom, Peter"]
[Result "1-0"]
[WhiteElo "2411"]
[BlackElo "2299"]
[PlyCount "65"]
[EventDate "2014.11.21"]
[EventType "team-tourn"]
[EventRounds "9"]
[EventCountry "SWE"]
[SourceTitle "EXT 2016"]
[Source "ChessBase"]
[SourceDate "2015.10.08"]
[SourceVersion "1"]
[SourceVersionDate "2015.10.08"]
[SourceQuality "1"]
[WhiteTeam "Stockholm Viking"]
[BlackTeam "Vasteras"]
[WhiteTeamCountry "SWE"]
[BlackTeamCountry "SWE"]

1. e4 c6 2. d4 d5 3. Nc3 dxe4 4. Nxe4 Bf5 5. Ng3 Bg6 6. N1e2 e6 7. Nf4 Bd6 8. h4 Qc7 9. Nxg6 hxg6 10. Ne4 Bf4 11. Bxf4 Qxf4 12. Ng5 Nd7 13. g3 Qc7 14. Bg2 Ngf6 15. Qd3 Nb6 16. 0-0 Nh7 17. Nxh7 Rxh7 18. Rfe1 0-0-0 19. a4 Nd7 20. b4 Rh5 21. a5 a6 22. c4 Qd6 23. Qc3 Nb8 24. d5 exd5 25. cxd5 Qf6 26. Bh3+ Nd7 27. Qxf6 gxf6 28. dxc6 bxc6 29. Re7 Re5 30. Rxf7 f5 31. h5 gxh5 32. Bxf5 Rd5 33. Re1 1-0

[Event "Vasteras op"]
[Site "Vasteras"]
[Date "2014.09.28"]
[Round "7"]
[White "Westerberg, Jonathan"]
[Black "Bergstrom, Peter"]
[Result "1-0"]
[WhiteElo "2414"]
[BlackElo "2302"]
[PlyCount "126"]
[EventDate "2014.09.26"]
[EventType "swiss"]
[EventRounds "8"]
[EventCountry "SWE"]
[SourceTitle "CBM 162 Extra"]
[Source "ChessBase"]
[SourceDate "2014.10.17"]
[SourceVersion "1"]
[SourceVersionDate "2014.10.17"]
[SourceQuality "1"]

1. e4 c6 2. d4 d5 3. Nc3 dxe4 4. Nxe4 Bf5 5. Ng3 Bg6 6. Nh3 e6 7. Nf4 Qc7 8. h4 Bd6 9. Nxg6 hxg6 10. Ne4 Bf4 11. Qf3 Bxc1 12. Rxc1 Nd7 13. Qa3 Ne7 14. g3 Nf6 15. Ng5 a6 16. Bg2 Rd8 17. Rd1 Nf5 18. Nf3 Rd5 19. c4 Qa5+ 20. Qxa5 Rxa5 21. Ra1 Ke7 22. Ke2 Rd8 23. Rhd1 c5 24. dxc5 Rxd1 25. Kxd1 Rxc5 26. Nd2 b6 27. b4 Re5 28. c5 b5 29. Bf3 Nd5 30. a3 Nd4 31. Rc1 Rf5 32. Bxd5 Rxd5 33. Rc3 Nc6 34. Ke2 a5 35. bxa5 Nxa5 36. Ne4 Nc6 37. Nd6 b4 38. axb4 Nxb4 39. Nc8+ Kd8 40. Nd6 Ke7 41. f4 Nc6 42. Nc8+ Kd8 43. Nb6 Rd4 44. Ke3 Rb4 45. Rd3+ Ke8 46. Ra3 Rb5 47. Ra8+ Ke7 48. Nc8+ Kd7 49. Nd6 Rxc5 50. Nxf7 Ke7 51. Nh8 e5 52. Nxg6+ Kf6 53. Nf8 exf4+ 54. Kxf4 Rc4+ 55. Kf3 Ne5+ 56. Kg2 Kf5 57. Ra5 Ke4 58. Ne6 g6 59. Ng5+ Kd4 60. Ra6 Rc6 61. Nf3+ Ke4 62. Ra4+ Rc4 63. Nd2+ Kd5 1-0

[Event "SWE-chT 1314"]
[Site "Sweden"]
[Date "2014.02.01"]
[Round "5.5"]
[White "Bergstrom, Peter"]
[Black "Karlsson, Lars"]
[Result "1-0"]
[WhiteElo "2292"]
[BlackElo "2412"]
[PlyCount "75"]
[EventDate "2013.11.22"]
[EventType "team-tourn"]
[EventRounds "9"]
[EventCountry "SWE"]
[SourceTitle "EXT 2015"]
[Source "ChessBase"]
[SourceDate "2014.11.20"]
[SourceVersion "1"]
[SourceVersionDate "2014.11.20"]
[SourceQuality "1"]
[WhiteTeam "Vasteras"]
[BlackTeam "Stockholm Rockaden"]
[WhiteTeamCountry "SWE"]
[BlackTeamCountry "SWE"]

1. e4 c5 2. Nf3 Nc6 3. d4 cxd4 4. Nxd4 Nf6 5. Nc3 g6 6. Nxc6 bxc6 7. e5 Ng8 8. Bc4 Bg7 9. Qf3 f5 10. Bf4 e6 11. 0-0 Qc7 12. Rfe1 Rb8 13. b3 Nh6 14. Rad1 Nf7 15. Qg3 Rg8 16. h4 Bf8 17. Na4 h6 18. Be3 c5 19. Nc3 Bb7 20. Nb5 Qc6 21. Nxa7 Qb6 22. Nb5 g5 23. hxg5 hxg5 24. b4 Rh8 25. bxc5 Qc6 26. Nd4 f4 27. Nxc6 Bxc6 28. Bxf4 gxf4 29. Qxf4 Bxc5 30. Bxe6 dxe6 31. Qc4 Ng5 32. Qxc5 Nf3+ 33. Kf1 Nh2+ 34. Ke2 Bxg2 35. Rd3 Rh4 36. Rg1 Re4+ 37. Kd2 Rbb4 38. Qc8+ 1-0

[Event "SWE-chT 1314"]
[Site "Sweden"]
[Date "2014.01.19"]
[Round "6.3"]
[White "Andersson, Bjorn"]
[Black "Bergstrom, Peter"]
[Result "0-1"]
[WhiteElo "2236"]
[BlackElo "2292"]
[PlyCount "38"]
[EventDate "2013.11.22"]
[EventType "team-tourn"]
[EventRounds "9"]
[EventCountry "SWE"]
[SourceTitle "EXT 2015"]
[Source "ChessBase"]
[SourceDate "2014.11.20"]
[SourceVersion "1"]
[SourceVersionDate "2014.11.20"]
[SourceQuality "1"]
[WhiteTeam "Burgsvik Alva"]
[BlackTeam "Vasteras"]
[WhiteTeamCountry "SWE"]
[BlackTeamCountry "SWE"]

1. e4 c6 2. d4 d5 3. e5 Bf5 4. Nc3 e6 5. g4 Bg6 6. Nge2 c5 7. h4 h5 8. Nf4 Bh7 9. Nxh5 Nc6 10. Bb5 Nge7 11. dxc5 d4 12. Bxc6+ Nxc6 13. Na4 Nb4 14. 0-0 Bxc2 15. Qf3 Bxa4 16. Qa3 Bc6 17. Qxb4 Qxh4 18. f3 0-0-0 19. Bf4 Rxh5 0-1

[Event "SWE-chT 1314"]
[Site "Sweden"]
[Date "2014.01.18"]
[Round "4.5"]
[White "Bergstrom, Peter"]
[Black "Jaderberg, Bjorn"]
[Result "1/2-1/2"]
[WhiteElo "2292"]
[BlackElo "2139"]
[PlyCount "109"]
[EventDate "2013.11.22"]
[EventType "team-tourn"]
[EventRounds "9"]
[EventCountry "SWE"]
[SourceTitle "EXT 2015"]
[Source "ChessBase"]
[SourceDate "2014.11.20"]
[SourceVersion "1"]
[SourceVersionDate "2014.11.20"]
[SourceQuality "1"]
[WhiteTeam "Vasteras"]
[BlackTeam "Farsta"]
[WhiteTeamCountry "SWE"]
[BlackTeamCountry "SWE"]

1. e4 g6 2. d4 Bg7 3. Nc3 a6 4. Be3 d6 5. Qd2 Nd7 6. f3 b5 7. h4 h5 8. Nh3 Nb6 9. Ng5 Nf6 10. Bd3 e6 11. 0-0-0 Qe7 12. Rhf1 d5 13. Rde1 Bb7 14. Bf4 b4 15. Nxd5 Nbxd5 16. exd5 Bxd5 17. Be5 0-0 18. Kb1 a5 19. Qf4 Ra7 20. g4 a4 21. Bxf6 Qxf6 22. Qxf6 Bxf6 23. gxh5 Bxg5 24. hxg5 gxh5 25. Re2 Kg7 26. Rh2 Rh8 27. Rh4 a3 28. b3 Raa8 29. Kc1 Rad8 30. Kd2 f6 31. gxf6+ Kxf6 32. Rg1 Rdf8 33. f4 Rh6 34. Rg5 Ke7 35. Ke3 Kd6 36. Be4 Rfh8 37. Bd3 Rc8 38. Kd2 Rhh8 39. c3 bxc3+ 40. Kxc3 c5 41. dxc5+ Rxc5+ 42. Kb4 Ra8 43. Rhxh5 Rc7 44. Rh7 Rb8+ 45. Kxa3 Rc3 46. Bg6 Rf3 47. Bc2 Rf2 48. Bb1 Ra8+ 49. Kb4 Rxf4+ 50. Kc3 Rc8+ 51. Kb2 Rf2+ 52. Ka3 Ra8+ 53. Kb4 Rf4+ 54. Kc3 Rc8+ 55. Kb2 1/2-1/2

[Event "SWE-chT 1314"]
[Site "Sweden"]
[Date "2013.11.23"]
[Round "2.1"]
[White "Bergstrom, Peter"]
[Black "Johansson, Linus"]
[Result "1/2-1/2"]
[WhiteElo "2292"]
[BlackElo "2305"]
[PlyCount "49"]
[EventDate "2013.11.22"]
[EventType "team-tourn"]
[EventRounds "9"]
[EventCountry "SWE"]
[SourceTitle "CBM 157 Extra"]
[Source "ChessBase"]
[SourceDate "2013.12.19"]
[SourceVersion "1"]
[SourceVersionDate "2013.12.19"]
[SourceQuality "1"]
[WhiteTeam "Vasteras"]
[BlackTeam "Limhamn"]
[WhiteTeamCountry "SWE"]
[BlackTeamCountry "SWE"]

1. e4 e6 2. d4 d5 3. Nd2 Nf6 4. e5 Nfd7 5. Bd3 c5 6. c3 Nc6 7. Ne2 cxd4 8. cxd4 f6 9. exf6 Nxf6 10. Nf3 Bd6 11. 0-0 0-0 12. Bf4 Nh5 13. Bxd6 Qxd6 14. Ng3 Nf4 15. Bb5 Ne7 16. Qd2 Neg6 17. Rfe1 Bd7 18. Bxd7 Qxd7 19. Re3 Rac8 20. Ne2 Nxe2+ 21. Qxe2 Rc6 22. Re1 Nf4 23. Qd1 Qc8 24. g3 Ng6 25. Ne5 1/2-1/2

[Event "SWE-chT 1213"]
[Site "Sweden"]
[Date "2013.03.15"]
[Round "7"]
[White "Bergstrom, Peter"]
[Black "Ornstein, Axel"]
[Result "1/2-1/2"]
[WhiteElo "2328"]
[BlackElo "2361"]
[PlyCount "84"]
[EventDate "2012.10.05"]
[EventType "team-tourn"]
[EventRounds "9"]
[EventCountry "SWE"]
[SourceTitle "EXT 2014"]
[Source "ChessBase"]
[SourceDate "2013.11.20"]
[SourceVersion "1"]
[SourceVersionDate "2013.11.20"]
[SourceQuality "1"]
[WhiteTeam "Viking"]
[BlackTeam "Eksjo"]
[WhiteTeamCountry "SWE"]
[BlackTeamCountry "SWE"]

1. e4 c5 2. Nf3 d6 3. d4 Nf6 4. Nc3 cxd4 5. Nxd4 Nc6 6. Bg5 e6 7. Qd2 Qb6 8. 0-0-0 Nxd4 9. Qxd4 Qxd4 10. Rxd4 a6 11. f3 Be7 12. Bc4 Bd7 13. Rhd1 Bc6 14. Bb3 0-0 15. R4d2 Rfd8 16. Bf4 Ne8 17. g4 g5 18. Be3 b5 19. h4 gxh4 20. g5 Nc7 21. Rh2 h6 22. Rxh4 Bxg5 23. Rg1 Kf8 24. Bxg5 hxg5 25. Rxg5 Ke7 26. a4 Rh8 27. Rgh5 Rxh5 28. Rxh5 Rb8 29. axb5 axb5 30. Ne2 Na6 31. c3 Nc5 32. Bc2 b4 33. cxb4 Rxb4 34. Nc3 e5 35. Rh8 Ne6 36. Rc8 Kd7 37. Rh8 Nd4 38. Bd1 Ke6 39. Rh6+ f6 40. Rh7 Rb6 41. Rc7 f5 42. Rh7 Bb7 1/2-1/2